| Поле | Название | Значение |
| |
Тип записи |
a |
| |
Библиографический уровень |
a |
| 001 |
Контрольный номер |
RU/CBS_UL/BASE/664982155 |
| 005 |
Дата корректировки |
20240209175257.0 |
| 100 |
Данные общей обработки |
__ |
| a |
Данные общей обработки |
20210126d2021 ||| 0rusy0189 ca |
| 101 |
Язык документа |
0_ |
| a |
Язык текста |
rus |
| 102 |
Страна публикации |
__ |
| a |
Страна публикации |
RU |
| 105 |
Кодированные данные (монография) |
__ |
| a |
Кодированные данные (монография) |
y###||||000|y |
| 181 |
Поле кодированных данных: вид содержания |
_1 |
| a |
Код вида содержания (ISBD) |
i# |
| b |
Код характеристики содержания (ISBD) |
#xxe## |
| d |
|
i |
| g |
|
x |
| h |
|
x |
| i |
|
e |
| 182 |
Поле кодированных данных: тип средства |
_1 |
| a |
Код типа средства (ISBD) |
n |
| 2 |
Код системы (источник кода, отличный от ISBD) |
isbdmedia |
| 200 |
Заглавие и сведения об ответственности |
1_ |
| a |
Заглавие |
Высшая степень отличия |
| b |
Общее обозначение материала |
Текст |
| e |
Сведения, относящиеся к заглавию |
[о звание Героя Советского Союза, о А. Ляпидевском, получившем грамоту № 1, самым возрастным Герое Матвее Кузьмине и самом юном Герое Вале Котике, о дважде Герое летчике-космонавте С. Савицкой и последнем Герое подводнике Л. Солодкове] |
| f |
Первые сведения об ответственности |
Р. Агеев |
| w |
|
Текст (визуальный) : непосредственный |
| 203 |
Вид содержания и тип средства |
__ |
| a |
Вид содержания |
Текст |
| b |
Характеристика содержания |
визуальный |
| c |
Тип средства |
непосредственный |
| 333 |
Примечание о целевом назначении |
__ |
| a |
Примечание о целевом назначении |
6+ |
| 461 |
Уровень набора |
_0 |
| 1 |
|
2000 |
| a |
|
Веселые картинки о природе. Журнал для детей "Филя" |
| 463 |
Уровень физической единицы |
_0 |
| 1 |
|
001RU/CBS_UL/BASE/664981990 |
| 1 |
|
2000 |
| a |
|
№ 4 |
| v |
|
С. 2-5 |
| 1 |
|
210 |
| d |
|
2020 |
| 600 |
Персоналии |
_0 |
| a |
Персоналии (Фамилия) |
Ляпидевский |
| b |
Персоналии (Имя, инициалы) |
А. |
| 600 |
Персоналии |
_0 |
| a |
Персоналии (Фамилия) |
Кузьмин |
| b |
Персоналии (Имя, инициалы) |
М. |
| 600 |
Персоналии |
_0 |
| a |
Персоналии (Фамилия) |
Солодков |
| b |
Персоналии (Имя, инициалы) |
Л. |
| 600 |
Персоналии |
_0 |
| a |
Персоналии (Фамилия) |
Котик |
| b |
Персоналии (Имя, инициалы) |
В. |
| 600 |
Персоналии |
_0 |
| a |
Персоналии (Фамилия) |
Савицкая |
| b |
Персоналии (Имя, инициалы) |
С. |
| 606 |
Тематические рубрики |
0_ |
| a |
Основная рубрика |
Воинские звания |
| z |
Хронологическая подрубрика |
1934 г. |
| 606 |
Тематические рубрики |
0_ |
| z |
Хронологическая подрубрика |
1939 г. |
| 610 |
Ключевые слова |
0_ |
| a |
Ключевые слова |
воинские звания |
| 610 |
Ключевые слова |
0_ |
| a |
Ключевые слова |
высшая степень отличия |
| 610 |
Ключевые слова |
0_ |
| a |
Ключевые слова |
Герои Советского Союза |
| 610 |
Ключевые слова |
0_ |
| a |
Ключевые слова |
воинские подвиги |
| 610 |
Ключевые слова |
0_ |
| a |
Ключевые слова |
знаки отличия |
| 610 |
Ключевые слова |
0_ |
| a |
Ключевые слова |
медали |
| 610 |
Ключевые слова |
0_ |
| a |
Ключевые слова |
первые грамоты |
| 686 |
Индексы других классификаций |
__ |
| a |
Классификационный индекс |
68.49(2Рос)23 |
| 2 |
Код системы |
rubbk |
| 700 |
Автор |
_1 |
| a |
Фамилия |
Агеев |
| b |
Имя (инициалы) |
Р. |
| 801 |
Источник записи |
_0 |
| a |
Страна |
RU |
| b |
Организация |
МБУК ЦБС г. Ульяновска |
| c |
Дата составления |
20210126 |
| g |
Правила каталогизации |
RCR |
| 801 |
Источник записи |
_1 |
| a |
Страна |
RU |
| b |
Организация |
МБУК ЦБС г. Ульяновска |
| c |
Дата составления |
20210126 |
| g |
Правила каталогизации |
RCR |
| 901 |
Тип документа |
__ |
| t |
Тип документа |
b |
| w |
Контрольный № источника |
RU/CBS_UL/BASE/664981990 |
| 910 |
Корректоры записи |
__ |
| a |
Корректор записи |
oibd3 |
| 938 |
Служебная информация |
__ |
| a |
Имя БД |
period |